Statistics for NBA trivia

Click here to take the quiz!

General Stats

  • This quiz has been taken 32 times
  • The average score is 8 of 15

Answer Stats

HintAnswer% Correct
number of Wilt Chamberlain's rings2
89%
They drafted Luka DoncicAtlanta Hawks
81%
he has the most steals in historyJohn Stockton
74%
he won three straight mvp's during the 80'sLarry Bird
74%
stephen Curry, Ray Allen and ?Reggie Miller
70%
The King of New YorkBernard King
67%
He created the game of basketballJames Naismith
59%
His surname was tiny archibaldNate Archibald
59%
Kawhi Leonard's nicknameThe Claw
59%
Lakers, Warriors, Clippers, Suns and ?
Kings
56%
2008 finals MVPPaul Pierce
56%
Team against who Michael Jordan scored "The shot"Cleveland Cavaliers
33%
Nationality of Domantas SabonisLithuanian
30%
team with which Jason Kidd went to the finals as a franchise playerNew Jersey Nets
19%
first franchise ever to win a titlePhiladelphia Warriors
11%

Score Distribution

Percentile by Number Answered

Percent of People with Each Score

Your Score History

You have not taken this quiz